00259nam a2200097Ia 4500100002900000654000900029245006800038260002900106082001400135546001200149 aSantacruz operation Inc  aunix aSCO unix operating sytem v operrating system installation guide bSantacruz Operation Inc. a5.43bSCO aENGLISH